| Поле | Название | Значение |
| |
Тип записи |
a |
| |
Библиографический уровень |
m |
| 001 |
Контрольный номер |
585c231511ff4433943e6a7a8ff272e6 |
| 005 |
Дата корректировки |
20241025100057.0 |
| 020 |
Индекс ISBN |
__ |
| a |
ISBN |
978-5-88840-187-3 |
| c |
Цена, тираж |
66-79 |
| 040 |
Источник каталогиз. |
__ |
| a |
Служба первич. каталог. |
ДМН |
| b |
Код языка каталог. |
rus |
| e |
Правила каталог. |
RUBBKM |
| 041 |
Код языка издания |
0_ |
| a |
Код языка текста |
rus |
| 084 |
Индекс другой классификации/Индекс ББК |
__ |
| a |
Индекс другой классификации/Индекс ББК |
Х621.163я73 |
| 084 |
Индекс другой классификации/Индекс ББК |
__ |
| a |
Индекс другой классификации/Индекс ББК |
87.752я73 |
| 090 |
Шифры |
__ |
| a |
Полочн. индекс |
Х621 |
| x |
Авторский знак |
Д 85 |
| c |
Каталожный индекс |
Х621.163я73 + 87.752я73 |
| 100 |
Автор |
1_ |
| a |
Автор |
Треушников И. А. |
| 245 |
Заглавие |
10 |
| a |
Заглавие |
Духовно-нравственная культура сотрудника органов внутренних дел |
| h |
Физич. носитель |
Текст |
| b |
Продолж. заглавия |
учебное пособие |
| c |
Ответственность |
под редакцией И. А. Треушникова ; Министерство внутренних дел Российской Федерации, Нижегородская академия |
| 260 |
Выходные данные |
__ |
| a |
Место издания |
Нижний Новгород |
| b |
Издательство |
НА МВД России |
| c |
Дата издания |
2022 |
| 300 |
Физическое описание |
__ |
| a |
Объем |
147, [1] с. |
| 336 |
Вид содержания |
__ |
| a |
Термин вида содержания |
Текст |
| 337 |
Средство доступа |
__ |
| a |
Термин типа средства |
непосредственный |
| 337 |
Средство доступа |
__ |
| a |
Термин типа средства |
электронный |
| 338 |
Характеристика содержания |
__ |
| a |
Характеристика содержания |
визуальное |
| 500 |
Примечания |
__ |
| a |
Примечание |
Авт. указаны на обороте тит. л. |
| 504 |
Библиография |
__ |
| a |
Библиография |
Библиогр.: с. 113-115 |
| 650 |
Тематические рубрики |
14 |
| a |
Основная рубрика |
СОЦИАЛЬНЫЕ (ОБЩЕСТВЕННЫЕ) И ГУМАНИТАРНЫЕ НАУКИ |
| x |
Основная подрубрика |
ЭТИКА |
| 650 |
Тематические рубрики |
14 |
| a |
Основная рубрика |
РОССИЙСКОЕ АДМИНИСТРАТИВНОЕ ПРАВО |
| x |
Основная подрубрика |
УПРАВЛЕНИЕ В ОБЛАСТИ ВНУТРЕННИХ ДЕЛ. МВД РОССИИ. МИНИСТЕРСТВО ОХРАНЫ ПРАВОПОРЯДКА |
| 653 |
Ключевые слова |
1_ |
| a |
Ключевые слова |
ДУХОВНО-НРАВСТВЕННАЯ КУЛЬУРА; КАДРЫ ОВД; НРАВСТВЕННОЕ ВОСПИТАНИЕ СОТРУДНИКОВ ОВД; ПРОФЕССИОНАЛЬНАЯ ЭТИКА СОТРУДНИКА ОВД; МИРОВОЗЗРЕНИЕ СОТРУДНИКА ОВД; ТРАДИЦИОННАЯ КУЛЬТУРА; ТРАДИЦИОННЫЕ ЦЕННОСТИ; ДУХОВНОЕ ВОСПИТАНИЕ |
| 700 |
Другие авторы |
12 |
| a |
Другие авторы |
Ивашевский С. Л. |
| 700 |
Другие авторы |
12 |
| a |
Другие авторы |
Насиров М. Н. |
| 700 |
Другие авторы |
12 |
| a |
Другие авторы |
Фирсова А. М. |
| 700 |
Другие авторы |
12 |
| a |
Другие авторы |
Зубкевич Л. А. |
| 856 |
Электронный адрес документа |
40 |
| y |
Справочный текст |
Духовно-нравственная культура сотрудника органов внутренних дел |
| z |
Примечание для пользователя |
Режим доступа: для авторизир. пользователей |
| u |
URL |
http://mp.na-mvd.ru/MegaPro/Download/MObject/3304 |
| 900 |
Электронные ресурсы |
__ |
| a |
Имя электронного ресурса |
Духовно-нравственная культура сотрудника органов внутренних дел 2022 УП |
| 901 |
Тип документа |
__ |
| t |
Тип документа |
m |
| 905 |
Дата создания записи |
__ |
| a |
Дата создания записи |
20220922 |
| 952 |
Тип литературы |
__ |
| c |
Вид литературы |
учебная |
| e |
Кафедра |
КАФЕДРА ФИЛОСОФИИ |
| i |
Дисциплина |
ДУХОВНО-НРАВСТВЕННАЯ КУЛЬТУРА СОТРУДНИКА ОРГАНОВ ВНУТРЕННИХ ДЕЛ |
| c |
Вид литературы |
учебное пособие |